Knowledge bases and frameworks (Record no. 71080)

MARC details
000 -CABECERA
campo de control de longitud fija 00551nam a2200205 a 4500
005 - FECHA Y HORA DE LA ÚLTIMA TRANSACCIÓN
campo de control 20210219153215.0
008 - ELEMENTOS DE LONGITUD FIJA--INFORMACIÓN GENERAL
campo de control de longitud fija 991125n 000 0 u
035 ## - NÚMERO DE CONTROL DEL SISTEMA
Número de control de sistema UPN01000084204
100 ## - ASIENTO PRINCIPAL--NOMBRE PERSONAL
Nombre de persona Moonie, Neil
222 ## - TÍTULO CLAVE
Título clave EDUCATIONAL AND TRAINING TECHNOLOGY INTERNATIONAL
245 ## - MENCIÓN DE TÍTULO
Título Knowledge bases and frameworks
300 ## - DESCRIPCIÓN FÍSICA
Extensión 216-226
362 ## - FECHAS DE PUBLICACIÓN Y/O DESIGNACIÓN SECUENCIAL
Fecha de publicación y/o designación secuencial 29, No. 3, 1992
505 ## - NOTA DE CONTENIDO CON FORMATO PREESTABLECIDO
Nota de contenido con formato Marzo 1993
653 0# - TERMINO DE INDIZACION - NO CONTROLADO
Término no controlado COMPETENCIA
653 0# - TERMINO DE INDIZACION - NO CONTROLADO
Término no controlado DESEMPEÑO EN EL TRABAJO
653 0# - TERMINO DE INDIZACION - NO CONTROLADO
Término no controlado OBJETIVOS EDUCATIVOS
904 ## - ELEMENTOS DE DATOS D LOCAL, LDD (RLIN)
a AC
b 022015
905 ## - TIPO DE MATERIAL
Tipo de material Articulo

No items available.